000 00620nam a2200241Ia 4500
003 OSt
005 20220918202459.0
006 a|||||r|||| 00| 0
007 ta
008 220917b |||||||| |||| 00| 0 eng d
024 _a101,542
037 _cTextual
040 _aARTS
_cARTS
_beng
041 _2eng
_aeng
082 _aV2,25xM69x:g, L9
100 _aTahtinen U
_9103965
245 0 _aCore of Gandhi's philosophy
260 _aNew Delhi
_bAbhinav
_c1979
300 _a105p.
_ccm.
650 _aHISTORY
942 _hV2,25xM69x:g, L9
_cTEXL
_2CC
999 _c225023
_d225023